000
00216nam a2200097 4500
999
_c
530140
_d
530140
040
_c
DLC
082
_a
604.2
_b
GHO
100
_a
Ghose, D.N.
_9
23493
245
_a
Civil Engineering Drawing and Design
942
_2
ddc
_c
BK